00337nam a2200121Ia 4500008004100000020001800041041000800059100001500067245007100082260003500153300000800188999001900196230822s1989 xx 000 0 und d a9780000000000 aeng aMUMFORD L. aTHE CITY IN HISTORY, ITS ORIGINS ITS TRANSFORMATION AND PROSPECTS. bHARCOURT PRIVATE LIMITEDc1989 a657 c859545d859545